| 000 | 00000nas 2200000za 4500 |
| 001 | 9.866468 |
| 003 | CaOODSP |
| 005 | 20231211100802 |
| 007 | cr ||||||||||| |
| 008 | 181231c20179999qucar p o f0 b0fre|d |
| 022 | |a2562-301X |
| 040 | |aCaOODSP|bfre |
| 043 | |an-cn--- |
| 086 | 1 |aEn81-28F-PDF |
| 222 | 0|aExigences relatives à la quantification des gaz à effet de serre au Canada |
| 245 | 00|aExigences relatives à la quantification des gaz à effet de serre du Canada |h[ressource électronique] / |cProgramme de déclaration des gaz à effet de serre. |
| 260 | |a[Ottawa] : |bEnvironnement et changement climatique Canada, |c[2019]- |
| 310 | |aAnnuel |
| 362 | 1 |aParaît depuis 2017. |
| 500 | |aPubli. aussi en anglais sous le titre : Canada’s greenhouse gas quantification requirements. |
| 692 | 07|2gccst|aLutte contre la pollution |
| 710 | 1 |aCanada. |bEnvironnement et changement climatique Canada. |
| 775 | 08|tCanada's greenhouse gas quantification requirements |w(CaOODSP)9.866467 |